000
00434nam a2200145Ia 4500
008
100204s9999 xx 000 0 und d
082
_b
9450
100
_a
कदम बा.
245
_a
ज्वालामुखी
260
_b
"मधुर पब्लिकेशन , पुणे 2"
_c
1987
300
_a
413
630
_a
ज्वालामुखी
730
_a
ज्वालामुखी
942
_c
BOOK
999
_c
453886
_d
453883